|
|
|
|
| LEADER |
00000nam0a2200000 4500 |
| 001 |
323743 |
| 005 |
20231102003611.0 |
| 035 |
|
|
|a (RuTPU)RU\TPU\book\349330
|
| 090 |
|
|
|a 323743
|
| 100 |
|
|
|a 20161026d1951 km y0rusy50 ca
|
| 101 |
0 |
|
|a rus
|
| 102 |
|
|
|a RU
|
| 105 |
|
|
|a a z 000zy
|
| 200 |
1 |
|
|a Из чего состоит Вселенная. Закон Менделеева
|f А. Л. Колесников
|
| 205 |
|
|
|a 2-е изд.
|
| 210 |
|
|
|a Москва
|a Ленинград
|c Гостехтиздат
|d 1951
|
| 215 |
|
|
|a 63 с.
|c ил.
|
| 225 |
1 |
|
|a Научно-популярная библиотека
|v Вып. 17
|
| 606 |
1 |
|
|a Вселенная
|x Строение
|2 stltpush
|3 (RuTPU)RU\TPU\subj\3753
|9 32119
|
| 606 |
1 |
|
|a Химические элементы
|2 stltpush
|3 (RuTPU)RU\TPU\subj\17311
|9 43020
|
| 610 |
1 |
|
|a атомы
|
| 610 |
1 |
|
|a молекулы
|
| 610 |
1 |
|
|a периодический закон
|
| 610 |
1 |
|
|a звезды
|
| 610 |
1 |
|
|a состав
|
| 675 |
|
|
|a 524.85
|v 4
|
| 675 |
|
|
|a 546-123
|v 4
|
| 700 |
|
1 |
|a Колесников
|b А. Л.
|
| 801 |
|
1 |
|a RU
|b 63413507
|c 20161026
|
| 801 |
|
2 |
|a RU
|b 63413507
|c 20200319
|g RCR
|
| 942 |
|
|
|c BK
|